Państwa, które pokonują Izrael - Statystyki

Ogólne statystyki
  • Ten quiz został rozwiązany 2 616 razy
  • Średni wynik to 12 z 18
Statystyki odpowiedzi
Ranga Kategoria Państwo % Poprawnych
7 Najmniejsze państwo śródziemnomorskie Monako | Malta | Cypr | Liban | Czarnogóra | Słowenia
95%
3 Najbardziej na zachód wysunięte państwo Azji Turcja | Cypr
90%
2 Z największą liczbą żydów * ma co najmniej jednego żydowskiego rodzica Stany Zjednoczone
87%
5 Państwo z największą liczbą użytkowników języka rosyjskiego [3] *nie licząc Rosji Ukraina | Białoruś | Kazachstan | Niemcy
85%
7 Najwięcej zwycięstw w Eurowizji Irlandia | Szwecja | Francja | Luksemburg | Holandia | Wielka Brytania
83%
5 Flaga z największym procentem bieli Cypr | Japonia | Korea Południowa | Gruzja
81%
7 Najdłuższa oczekiwana długość życia Monako | Japonia | Singapur | San Marino | Kanada | Islandia | Andora
79%
7 Największe spożycie mięsa na mieszkańca Islandia | Litwa | Dania | Stany Zjednoczone | Finlandia | Portugalia
75%
6 Największa liczba personelu wojskowego na mieszkańca [1] Korea Północna | Korea Południowa | Kuba | Armenia | Tajwan
73%
8 Państwo z najbardziej "pionowym" kształtem * stosunek wysokości do szerokości Chile | Togo | Portugalia | Belize | Szwecja | Albania | Malawi
67%
3 Najmniej zaludnione państwo zaczynające się na literę I Islandia | Irlandia
65%
4 Najbardziej demokratyczne państwo Azji[5] Tajwan | Japonia | Korea Południowa
63%
2 Państwo z najmniejszą liczbą bomb atomowych * tylko państwa, które je posiadają Korea Północna
60%
2 Najwyższe HDI w Azji [2] Singapur
56%
6 Państwo, które odsala najwięcej wody [4] Chiny | Arabia Saudyjska | Zjednoczone Emiraty Arabskie | Stany Zjednoczone | Algieria | Katar
35%
3 Państwo z największą pomocą zagraniczną Stanów Zjednoczonych Afganistan | Irak
31%
6 Największy % ludzi mieszkających w ośrodkach miejskich * uwzględniono tylko, państwa powierzchni powyżej 10 000 km2 Kuwejt | Katar | Belgia | Urugwaj | Islandia
30%
3 Państwo, które miało najwcześniej kobietę jako premiera Sri Lanka | Indie
21%
Nie znaleziono quizów pasujących do podanych kryteriów
Rozkład punktacji
Procent ludzi z każdym wynikiem
Percentyl według liczby udzielonych odpowiedzi
Twoja historia wyników
Nie rozwiązałeś tego quizu